00469nam a2200145 a 4500008004100000050001400041100002900055245002300084246007300107260005700180300002400237350000900261650001400270650003900284120416s1977 ||||||||||||||||| || u aHD 82 Zey aZeylstra, Willem Gustaaf10aAid or Development athe relevance of development aid to problems of developing countries aLeydenbA. W Suthoff International Publishing c1977 axviii, 269p. : ill. a0.00 0aECONOMICS aECONOMIC AID--DEVELOPING COUNTRIES